Movies by Minimalist Drawings - Statistics

General Stats
  • This quiz has been taken 1,598 times
  • The average score is 9 of 16
Answer Stats
Picture Hint Answer % Correct
1990 It
84%
1999 The Matrix
83%
1980 The Shining
79%
1997 Titanic
72%
1994 Forrest Gump
71%
1991 The Silence of the Lambs
62%
1999 Fight Club
59%
1939 The Wizard of Oz
59%
1971 Willy Wonka & the Chocolate Factory
58%
2010 Inception
56%
2003 Kill Bill vol.1
49%
1981 Raiders of the Lost Ark
49%
1977 Star Wars: A New Hope
48%
1984 Ghostbusters
36%
1941 Citizen Kane
29%
1989 Back to the Future 2
28%
No matching quizzes found
Score Distribution
Percent of People with Each Score
Percentile by Number Answered
Your Score History
You have not taken this quiz